000 00679nam a2200217 u 4500
005 20240802063718.0
008 160607s2007 mx r 000 0 spa d
020 _a9789706832849
035 _aUPN01000211193
049 _aI
050 4 _aPZ78
_bM8.55
100 1 _aMurguía, Verónica,
_d1960-
_931012
245 1 0 _aMi monstruo mandarino /
_cVerónica Munguía.
260 _aMéxico :
_bArtes de México :
_bConsejo Nacional para la Cultura y las Artes,
_cc2007.
300 _a38 p. :
_bil. col.
440 0 _aLibros del alba
650 4 _aLiteratura infantil mexicana
_910209
650 4 _aCuentos infantiles mexicanos
_97723
905 _aInfantil
999 _c183294
_d183294